000 00478pab a2200181 454500
008 180718b1997 xxu||||| |||| 00| 0 eng d
100 _aHo, K.C.
245 _aThe global economy and urban society in Pacific Asia
260 _c1997
300 _ap.275-93
362 _aSep
650 _aUrbanization - Asia
650 _aCities and towns - Asia
650 _aUrban development - Asia
650 _aUrban sociology
773 _aInternational Sociology
909 _a36697
999 _c36697
_d36697